000
002660000a22001090004500
090
_a
AS
_b
Seriadas
245
1
0
_a
Haloragaceae
041
0
_a
EspaƱol
100
1
_a
Mora Osejo, Luis Eduardo
_9
12168
942
_c
ARTICULO
773
1
_t
Flora de Colombia
_3
847
_h
3
_q
5-173
_d
1984
999
_c
15231
_d
15231